دليل صيانة و إصلاح أجهزة التبريد و التكييف / (رقم التسجيلة. 112687)

تفاصيل مارك
000 -LEADER
fixed length control field 00700nam a22001937a 4500
005 - DATE AND TIME OF LATEST TRANSACTION
control field 20251108174557.0
008 - FIXED-LENGTH DATA ELEMENTS--GENERAL INFORMATION
fixed length control field 250721s2000 xx 000 0 ara d
082 14 - DEWEY DECIMAL CLASSIFICATION NUMBER
Classification number 621.56/متع
100 1# - MAIN ENTRY--PERSONAL NAME
Personal name عبد المتعال، أحمد
Relator term مؤلف
245 10 - TITLE STATEMENT
Title دليل صيانة و إصلاح أجهزة التبريد و التكييف /
264 1# - PRODUCTION, PUBLICATION, DISTRIBUTION, MANUFACTURE, AND COPYRIGHT NOTICE
Place of production, publication, distribution, manufacture المنصورة :
Name of producer, publisher, distributor, manufacturer مكتبة جزيرة الورد،
Date of production, publication, distribution, manufacture, or copyright notice 2000.
300 ## - PHYSICAL DESCRIPTION
Extent 384 ص.
490 0# - SERIES STATEMENT
Series statement الموسوعة العملية في التبريد و التكييف
650 17 - SUBJECT ADDED ENTRY--TOPICAL TERM
Topical term or geographic name as entry element التبريد ( الانعاش )
650 17 - SUBJECT ADDED ENTRY--TOPICAL TERM
Topical term or geographic name as entry element الصيانه
700 1# - ADDED ENTRY--PERSONAL NAME
Personal name عبد القادر، صلاح
Relator term مراجع
942 ## - ADDED ENTRY ELEMENTS (KOHA)
Source of classification or shelving scheme Dewey Decimal Classification
Koha item type كتب
المقتنيات
حالة السحب حالة الفقدان مصدر التصنيف حالة التلف غير قابل للإعارة المكتبة الرئيسية المكتبة الحالية موقع الرف تاريخ التزويد الرقم المتسلسل Total Checkouts رقم الإستدعاء الباركود تاريخ آخر ظهور تاريخ الفاتورة نوع المادة (كوها)
    Dewey Decimal Classification     مكتبة الأميرة ايمان العامة مكتبة الأميرة ايمان العامة الإعارة 15/06/2008 1197212   621.56/متع PLD00021705 28/07/2025 15/06/2008 كتب
Implemented & Customized by: BBB with SCIT (Smart Chains for Information Technology)

Powered by Koha